<?xml version="1.0" encoding="UTF-8"?>
<collection xmlns:xsi="http://www.w3.org/2001/XMLSchema-instance" xsi:schemaLocation="http://www.loc.gov/MARC21/slim http://www.loc.gov/standards/marcxml/schema/MARC21slim.xsd" xmlns="http://www.loc.gov/MARC21/slim">
 <record>
  <leader>00000ctm a22000003a 4500</leader>
  <controlfield tag="001">UP-99796217610572372</controlfield>
  <controlfield tag="003">Buklod</controlfield>
  <controlfield tag="005">20221107143213.0</controlfield>
  <controlfield tag="006">a    grb    001 u|</controlfield>
  <controlfield tag="007">ta</controlfield>
  <controlfield tag="008">221107s2005    xx      r    |||| u|    |</controlfield>
  <datafield tag="035" ind1=" " ind2=" ">
   <subfield code="a">(iLib)UPD-00193702798</subfield>
  </datafield>
  <datafield tag="040" ind1=" " ind2=" ">
   <subfield code="a">DENG</subfield>
   <subfield code="e">aacr</subfield>
  </datafield>
  <datafield tag="041" ind1="0" ind2=" ">
   <subfield code="a">eng</subfield>
  </datafield>
  <datafield tag="090" ind1="0" ind2="0">
   <subfield code="a">LG 993 2005 E66</subfield>
   <subfield code="b">E884</subfield>
  </datafield>
  <datafield tag="100" ind1="1" ind2=" ">
   <subfield code="a">Esteban, Hazel</subfield>
  </datafield>
  <datafield tag="245" ind1="1" ind2="2">
   <subfield code="a">A statistical quality control study on SC &amp; C Cosmetic Co., Inc.</subfield>
   <subfield code="c">Hazel Esteban, Eugene Esquivias, Ana Carmela Gatpandan.</subfield>
  </datafield>
  <datafield tag="264" ind1=" " ind2="1">
   <subfield code="a">Diliman, Quezon City</subfield>
   <subfield code="b">College of Engineering</subfield>
   <subfield code="c">2005</subfield>
  </datafield>
  <datafield tag="300" ind1=" " ind2=" ">
   <subfield code="a">84 leaves</subfield>
  </datafield>
  <datafield tag="500" ind1=" " ind2=" ">
   <subfield code="a">Feasibility study</subfield>
  </datafield>
  <datafield tag="506" ind1="0" ind2=" ">
   <subfield code="a">Access exclusively for UP IE students. Written permission required from the department head for NON-IE and NON-UP students or researchers</subfield>
  </datafield>
  <datafield tag="508" ind1=" " ind2=" ">
   <subfield code="a">Submitted in partial fulfillment of the course requirements in IE 135 : Industrial Quality Control</subfield>
  </datafield>
  <datafield tag="520" ind1="0" ind2=" ">
   <subfield code="a">SC&amp;C Cosmetech Co., Inc is now the exclusive manufacturer of quality products of Johnson &amp; Johnson Philippines like Johnson's Pure Essentials Face Powder, Johnson's BAND-AID Isopropyl Alcohol, Johnson's Baby Powder, Johnson's Baby Oil, Johnson's Baby Lotion, Johnson's Baby Cologne, and Johnson's Baby Bath. The product of Johnson's Baby Oil is a relatively new ndertaking. It produces three variations of Johnson's Baby Oil (in forms of 25ml, 50ml, and 125ml bottles). It is essential for the production process to be very efficient in terms of output and costs. The management wishes to know if fill volume is maintained within the minimum acceptable amount thus maximizing production volumem and if the process is capable in still reducing the specification limits. The group was therefore assigned, upon the onset of the project to address these concerns using concepts and tools in statistical quality control. Usiung past data provided by the company, the group executed control charting, capability analysis and other problem solvieng tools such as the FMEA and Ishikawa diagram to identify, analyze, and address the problems.  It was found out  that the process is in control after</subfield>
  </datafield>
  <datafield tag="650" ind1="0" ind2="0">
   <subfield code="a">Quality Control.</subfield>
  </datafield>
  <datafield tag="658" ind1=" " ind2=" ">
   <subfield code="a">Industrial Quality Control</subfield>
   <subfield code="c">IE 135.</subfield>
  </datafield>
  <datafield tag="700" ind1="1" ind2=" ">
   <subfield code="a">Esquivias, Eugene.</subfield>
  </datafield>
  <datafield tag="700" ind1="1" ind2=" ">
   <subfield code="a">Gatpandan, Ana Carmela.</subfield>
  </datafield>
  <datafield tag="842" ind1=" " ind2=" ">
   <subfield code="a">Thesis</subfield>
  </datafield>
  <datafield tag="905" ind1=" " ind2=" ">
   <subfield code="a">FI</subfield>
  </datafield>
  <datafield tag="950" ind1=" " ind2=" ">
   <subfield code="a">Paper</subfield>
  </datafield>
  <datafield tag="852" ind1="0" ind2=" ">
   <subfield code="a">UPD</subfield>
   <subfield code="b">DENG</subfield>
   <subfield code="h">LG 993 2005 E66</subfield>
   <subfield code="i">E884</subfield>
  </datafield>
  <datafield tag="942" ind1=" " ind2=" ">
   <subfield code="a">Thesis</subfield>
  </datafield>
 </record>
</collection>
